[Event "31.Schlosspark-Open"]
[Site "Wiesbaden-Biebrich"]
[Date "2019.08.23"]
[Round "2.26"]
[White "Pauls, Wilhelm"]
[Black "Hoffmann, Jens"]
[Result "1-0"]
[WhiteElo "1995"]
[BlackElo "2143"]
[PlyCount "68"]
[EventDate "2019.??.??"]
[WhiteTeam "SG Kaarst"]
[BlackTeam "SF HN-Biberach"]

1. e4 c5 2. Nf3 d6 3. d4 cxd4 4. Nxd4 Nf6 5. Nc3 a6 6. Bg5 Nbd7 7. Bc4 e6 8.
O-O Qb6 9. Bb3 Be7 10. Kh1 h6 11. Be3 Nc5 12. f4 Qc7 13. f5 e5 14. Nde2 O-O 15.
Ng3 Nxb3 16. axb3 Bd7 17. Nh5 Bc6 18. Qf3 b5 19. Bxh6 b4 20. Bxg7 bxc3 21. Bxf6
Bxf6 22. Qg4+ Kh8 23. Nxf6 Rg8 24. Nxg8 Rxg8 25. Qh3+ Kg7 26. Qxc3 Qb7 27. Rae1
Kf6 28. Qd2 Ke7 29. f6+ Ke6 30. Qd3 Kd7 31. c4 Kc7 32. Rf2 Rb8 33. Rd2 Rd8 34.
c5 d5 1-0

[Event "31.Schlosspark-Open"]
[Site "Wiesbaden-Biebrich"]
[Date "2019.08.23"]
[Round "2.27"]
[White "Rolf, Marco"]
[Black "Berberich, Christoph"]
[Result "1/2-1/2"]
[WhiteElo "2133"]
[BlackElo "1960"]
[PlyCount "55"]
[EventDate "2019.??.??"]
[WhiteTeam "SK Gernsheim"]
[BlackTeam "SGEM Dreisamtal"]

1. d4 Nf6 2. c4 c5 3. d5 b5 4. cxb5 a6 5. b6 g6 6. Nc3 Bg7 7. e4 d6 8. Be2 Qxb6
9. Nf3 Nbd7 10. Nd2 O-O 11. Nc4 Qc7 12. Bf4 Ne8 13. O-O Ne5 14. Qd2 Nxc4 15.
Bxc4 Rb8 16. Rac1 Qa5 17. Bg5 f6 18. Bh4 Bd7 19. Rfe1 g5 20. Bg3 Nc7 21. e5
fxe5 22. Qxg5 Rf7 23. Re2 Bb5 24. b3 Bxc4 25. bxc4 h6 26. Qd2 Rb4 27. Re4 Ne8
28. Nb1 1/2-1/2

[Event "31.Schlosspark-Open"]
[Site "Wiesbaden-Biebrich"]
[Date "2019.08.23"]
[Round "2.28"]
[White "Schmitz, Manuela"]
[Black "Gramb, Marius"]
[Result "0-1"]
[WhiteElo "1940"]
[BlackElo "2130"]
[PlyCount "70"]
[EventDate "2019.??.??"]
[WhiteTeam "SV Freibauer Eikamp"]
[BlackTeam "Brühler SK"]

1. d4 Nf6 2. Nf3 e6 3. c4 b6 4. e3 Bb7 5. Bd3 d5 6. O-O Bd6 7. Nc3 O-O 8. b3
Nbd7 9. Bb2 Re8 10. Nb5 Bf8 11. Ne5 a6 12. Nc3 c5 13. Nxd7 Qxd7 14. dxc5 dxc4
15. Bxc4 Qc6 16. f3 b5 17. Bd3 Bxc5 18. Qe2 Qb6 19. Rae1 Nd5 20. Nxd5 exd5 21.
Bc1 Re5 22. f4 Re7 23. Rf3 d4 24. Rh3 g6 25. f5 Be4 26. Bxe4 Rxe4 27. Qf3 Rae8
28. fxg6 fxg6 29. Rf1 Qe6 30. exd4 Rxd4 31. Kh1 Rf8 32. Bh6 Rxf3 33. Rhxf3 Rd8
34. Rf6 Qe2 35. h3 Rd1 0-1

[Event "31.Schlosspark-Open"]
[Site "Wiesbaden-Biebrich"]
[Date "2019.08.23"]
[Round "2.29"]
[White "Kobs, Stephan"]
[Black "Neurohr, Juergen"]
[Result "1/2-1/2"]
[WhiteElo "1961"]
[BlackElo "2127"]
[PlyCount "41"]
[EventDate "2019.??.??"]
[WhiteTeam "SC Tempo Göttingen"]
[BlackTeam "SF Mainz"]

1. e4 e5 2. Nf3 Nc6 3. Bb5 a6 4. Ba4 Nf6 5. d4 exd4 6. O-O Be7 7. Re1 b5 8. e5
Nxe5 9. Rxe5 d6 10. Re1 bxa4 11. Nxd4 Bd7 12. Qf3 O-O 13. Nc6 Bxc6 14. Qxc6 Nd7
15. Nc3 Nb6 16. Nxa4 Nxa4 17. Qxa4 Bf6 18. c3 Qb8 19. Qc6 Re8 20. Bd2 Re5 21.
Rxe5 1/2-1/2

[Event "31.Schlosspark-Open"]
[Site "Wiesbaden-Biebrich"]
[Date "2019.08.23"]
[Round "2.30"]
[White "Hassemeier, Mika"]
[Black "Henrich, David"]
[Result "0-1"]
[WhiteElo "1872"]
[BlackElo "2126"]
[PlyCount "64"]
[EventDate "2019.??.??"]
[WhiteTeam "FVS ASP Hoyerswerda"]
[BlackTeam "SK Gernsheim"]

1. d4 d6 2. c4 e5 3. Nf3 e4 4. Nfd2 f5 5. e3 Nf6 6. Nc3 g6 7. Be2 Bg7 8. f3
exf3 9. Bxf3 O-O 10. O-O Nc6 11. Rb1 Re8 12. Re1 Ng4 13. Nf1 a5 14. a3 Bd7 15.
b4 axb4 16. axb4 Qh4 17. Bxg4 fxg4 18. Bd2 Bf5 19. Rb2 Bd3 20. c5 Rf8 21. Ng3
dxc5 22. bxc5 Bc4 23. Rxb7 Nxd4 24. Rb4 Nf3+ 25. gxf3 gxf3 26. Nce4 f2+ 27.
Nxf2 Rxf2 28. Kxf2 Qxh2+ 29. Kf3 Rf8+ 30. Kg4 h5+ 31. Nxh5 Qxh5+ 32. Kg3 Be5+
0-1

[Event "31.Schlosspark-Open"]
[Site "Wiesbaden-Biebrich"]
[Date "2019.08.23"]
[Round "2.31"]
[White "Zimmer, Gerald"]
[Black "Kuhn, Andreas"]
[Result "1/2-1/2"]
[WhiteElo "1952"]
[BlackElo "2119"]
[PlyCount "40"]
[EventDate "2019.??.??"]
[WhiteTeam "SC Bergen-Enkheim"]
[BlackTeam "Sfr. Erbach"]

1. d4 Nf6 2. Nf3 e6 3. Bf4 b6 4. e3 Bb7 5. h3 Be7 6. Bd3 O-O 7. Nbd2 d5 8. O-O
c5 9. c3 Ne4 10. Qc2 f5 11. c4 Nc6 12. a3 Rc8 13. Rfd1 Bd6 14. Bxd6 Qxd6 15.
Qa4 Qe7 16. Rac1 Rfd8 17. Nb3 a6 18. dxc5 bxc5 19. Na5 Nxa5 20. Qxa5 d4 1/2-1/2

[Event "31.Schlosspark-Open"]
[Site "Wiesbaden-Biebrich"]
[Date "2019.08.23"]
[Round "2.32"]
[White "Seewi, Joram"]
[Black "Goldt, Rainer"]
[Result "1-0"]
[WhiteElo "2098"]
[BlackElo "1956"]
[PlyCount "93"]
[EventDate "2019.??.??"]
[WhiteTeam "SG Kalker/Deutzer"]
[BlackTeam "Kreuznacher SV"]

1. Nc3 d5 2. e4 dxe4 3. Nxe4 Nf6 4. Ng5 h6 5. N5f3 e6 6. Bc4 Nbd7 7. Ne2 Nb6 8.
Bb3 c5 9. d3 Bd6 10. a4 Qc7 11. Nc3 a6 12. Qe2 O-O 13. a5 Nbd5 14. Ne4 Nxe4 15.
dxe4 Nf4 16. Qf1 e5 17. Nd2 Bd7 18. Nc4 Bc6 19. f3 Be7 20. Bd2 Rad8 21. O-O-O
Ne6 22. Nb6 Nd4 23. Bc4 Kh7 24. g4 Bb5 25. Qg2 Bxc4 26. Nxc4 Ne6 27. h4 Rd4 28.
b3 Rfd8 29. Bc3 Nf4 30. Qh2 Rxd1+ 31. Rxd1 Rxd1+ 32. Kxd1 Qd8+ 33. Kc1 Bxh4 34.
Bxe5 Bg3 35. Qd2 Qxd2+ 36. Kxd2 g5 37. Nd6 Kg6 38. Nxb7 Bf2 39. Bxf4 gxf4 40.
Kd3 h5 41. gxh5+ Kxh5 42. Nd6 Kg6 43. Ne8 Bh4 44. Nc7 Bd8 45. Nxa6 Bxa5 46.
Nxc5 Kf6 47. Kd4 1-0

[Event "31.Schlosspark-Open"]
[Site "Wiesbaden-Biebrich"]
[Date "2019.08.23"]
[Round "2.33"]
[White "Kuehn, Matthias"]
[Black "Bollmann, Henrik"]
[Result "1/2-1/2"]
[WhiteElo "1939"]
[BlackElo "2096"]
[PlyCount "69"]
[EventDate "2019.??.??"]
[WhiteTeam "SV Hürth-Berrenrath"]
[BlackTeam "SC Bad Nauheim"]

1. e4 c5 2. Nc3 e6 3. f4 Nc6 4. Nf3 Nge7 5. d3 d5 6. g4 h5 7. g5 b6 8. Bh3 dxe4
9. Nxe4 Bb7 10. Nh4 Nd4 11. Rg1 Nef5 12. Nf3 Nxf3+ 13. Qxf3 Qd7 14. Qf2 O-O-O
15. Ng3 g6 16. Bd2 Bg7 17. Nxf5 exf5 18. O-O-O Qa4 19. a3 Qb5 20. Bc3 Bxc3 21.
bxc3 c4 22. d4 Rhe8 23. Bg2 Bxg2 24. Qxg2 Re4 25. Rge1 Rde8 26. Kd2 Qa4 27.
Rxe4 Rxe4 28. Re1 Rxe1 29. Kxe1 Qxa3 30. Qc6+ Kd8 31. Kd2 Ke7 32. Qc7+ Ke8 33.
Qc8+ Ke7 34. Qc7+ Ke8 35. Qc8+ 1/2-1/2

[Event "31.Schlosspark-Open"]
[Site "Wiesbaden-Biebrich"]
[Date "2019.08.23"]
[Round "2.34"]
[White "Dietze, Frank"]
[Black "Rump, Andreas"]
[Result "1-0"]
[WhiteElo "2096"]
[BlackElo "1947"]
[PlyCount "143"]
[EventDate "2019.??.??"]
[WhiteTeam "vereinslos"]
[BlackTeam "SG Idstein"]

1. d4 Nf6 2. c4 e6 3. Nf3 b6 4. g3 Bb7 5. Bg2 Bb4+ 6. Bd2 Be7 7. O-O O-O 8. Bg5
d5 9. cxd5 exd5 10. Nbd2 Ne4 11. Nxe4 dxe4 12. Bxe7 Qxe7 13. Nd2 Nd7 14. Qc2
Nf6 15. Rac1 Rac8 16. Nb3 Bd5 17. Bh3 Nd7 18. e3 f5 19. Rfd1 h5 20. Bf1 c6 21.
Qe2 Qf7 22. h4 Rc7 23. Rc3 Qg6 24. Qd2 Qh6 25. Nc1 g5 26. hxg5 Qxg5 27. Ne2 h4
28. Nf4 Nf6 29. Bh3 Rg7 30. Kh1 hxg3 31. Rg1 Nh5 32. fxg3 Nxf4 33. exf4 Qh5 34.
Kh2 Rf6 35. g4 fxg4 36. Rcg3 Be6 37. Qe3 Bf5 38. R1g2 Rfg6 39. Qb3+ Be6 40. Qd1
Qh6 41. d5 cxd5 42. f5 Bxf5 43. Qxd5+ Rf7 44. Rf2 Be6 45. Qa8+ Qf8 46. Qxf8+
Kxf8 47. Rxf7+ Kxf7 48. Bg2 Rh6+ 49. Kg1 Bf5 50. Rc3 Re6 51. Kf2 Kf6 52. Ke3
Kg5 53. Rc8 Rd6 54. Rg8+ Bg6 55. Bf1 Rf6 56. Be2 Kh4 57. b4 Kg3 58. a4 Kg2 59.
Bxg4 Kh2 60. b5 Bf7 61. Rg7 Be6 62. Bxe6 Rxe6 63. Rxa7 Kg3 64. Rg7+ Kh2 65. Rg4
Kh3 66. Rxe4 Rd6 67. Rd4 Rg6 68. Kf4 Rg2 69. Ke5 Rc2 70. Kd6 Kg3 71. Kd7 Kf3
72. a5 1-0

[Event "31.Schlosspark-Open"]
[Site "Wiesbaden-Biebrich"]
[Date "2019.08.23"]
[Round "2.35"]
[White "Ahrends, Norbert"]
[Black "Heindrich, Mark"]
[Result "1/2-1/2"]
[WhiteElo "1926"]
[BlackElo "2094"]
[PlyCount "67"]
[EventDate "2019.??.??"]
[WhiteTeam "SK Gernsheim"]
[BlackTeam "TuS Dotzheim"]

1. d4 d5 2. c4 Bf5 3. Nc3 e6 4. Nf3 Nc6 5. Bg5 Be7 6. Bxe7 Ngxe7 7. e3 O-O 8.
Rc1 h6 9. Bd3 a6 10. cxd5 exd5 11. Bxf5 Nxf5 12. Qb3 Nfe7 13. Qxb7 Rb8 14. Qxa6
Rxb2 15. O-O Rb6 16. Qe2 Qa8 17. Rb1 Ra6 18. Rb5 Na5 19. Nxd5 Nxd5 20. Rxd5 Nc6
21. Rc5 Rxa2 22. Qc4 Ra4 23. Qd5 Ra6 24. Rfc1 Rd8 25. Qe4 Rd6 26. Ne5 Nxe5 27.
Qxa8+ Rxa8 28. Rxe5 Rc6 29. Rf1 Ra2 30. Re8+ Kh7 31. Rb8 f5 32. Rbb1 Rac2 33.
f3 R6c4 34. Rf2 1/2-1/2

[Event "31.Schlosspark-Open"]
[Site "Wiesbaden-Biebrich"]
[Date "2019.08.23"]
[Round "2.36"]
[White "Heinemann, Ernst"]
[Black "Reitz, Theresa"]
[Result "1-0"]
[WhiteElo "2088"]
[BlackElo "1936"]
[PlyCount "139"]
[EventDate "2019.??.??"]
[WhiteTeam "SK Oldenburg"]
[BlackTeam "VfR-SC Koblenz"]

1. e4 c5 2. Nf3 e6 3. d4 cxd4 4. Nxd4 Nc6 5. Be3 Nf6 6. Nd2 Qc7 7. Be2 Nxd4 8.
Bxd4 e5 9. Bc3 Bc5 10. O-O O-O 11. Nc4 d6 12. Qd3 Be6 13. Ne3 Bxe3 14. Qxe3 Nd7
15. f4 Bc4 16. Rfd1 exf4 17. Qd4 Ne5 18. Bxc4 Qxc4 19. Qxd6 Ng6 20. Qd5 Qc7 21.
Rd3 Rad8 22. Qh5 Qb6+ 23. Kf1 Qa6 24. Qe2 Rfe8 25. a3 Rc8 26. Rad1 h6 27. R1d2
f5 28. Rd7 Qxe2+ 29. Rxe2 Re7 30. Rxe7 Nxe7 31. Bb4 Rc7 32. Bxe7 Rxe7 33. exf5
Rd7 34. Ke1 Kf7 35. Rf2 Rd4 36. Ke2 Kf6 37. g4 fxg3 38. hxg3 Rg4 39. Rf3 Rg5
40. Rc3 Rxf5 41. Rc7 Rb5 42. b4 h5 43. Kf3 g5 44. g4 h4 45. c4 Rb6 46. c5 Ra6
47. Rxb7 Rxa3+ 48. Ke4 Rg3 49. c6 Ke6 50. b5 Rxg4+ 51. Kd3 Ra4 52. Rg7 Ra3+ 53.
Kc2 Ra4 54. Kb3 Ra1 55. Rg6+ Ke7 56. Rxg5 Kd6 57. Rg6+ Kc7 58. Rg7+ Kc8 59. Rh7
Rb1+ 60. Kc4 Rc1+ 61. Kd5 Rd1+ 62. Ke4 Ra1 63. Kf3 Ra5 64. Rh5 a6 65. Rh8+ Kc7
66. Rh7+ Kc8 67. b6 Ra3+ 68. Ke4 Kd8 69. Rh8+ Ke7 70. c7 1-0

[Event "31.Schlosspark-Open"]
[Site "Wiesbaden-Biebrich"]
[Date "2019.08.23"]
[Round "2.37"]
[White "Buehler, Severin"]
[Black "Chandler, Patrick"]
[Result "1/2-1/2"]
[WhiteElo "1918"]
[BlackElo "2087"]
[PlyCount "62"]
[EventDate "2019.??.??"]
[WhiteTeam "Heilbronner SV"]
[BlackTeam "SC Nied"]

1. e4 d6 2. d4 Nf6 3. Nc3 Nc6 4. Nf3 Bg4 5. Be2 e5 6. Be3 Be7 7. h3 Bh5 8. Qd2
Bg6 9. Bd3 O-O 10. O-O a6 11. a4 Re8 12. Rfe1 Qd7 13. Qd1 Rad8 14. d5 Nb8 15.
Nd2 c6 16. Nc4 c5 17. a5 Qc7 18. Bd2 Nbd7 19. Na4 Rf8 20. Nab6 Nxb6 21. Nxb6 c4
22. Nxc4 Nxe4 23. Nb6 Nxd2 24. Bxg6 Nc4 25. Bxh7+ Kxh7 26. Qd3+ f5 27. Qxc4
Qxc4 28. Nxc4 Rc8 29. b3 Rc5 30. Red1 Rfc8 31. Ra4 Kg6 1/2-1/2

[Event "31.Schlosspark-Open"]
[Site "Wiesbaden-Biebrich"]
[Date "2019.08.23"]
[Round "2.38"]
[White "Lesny, Florian"]
[Black "Schmitt, Carsten"]
[Result "1-0"]
[WhiteElo "2086"]
[BlackElo "1926"]
[PlyCount "59"]
[EventDate "2019.??.??"]
[WhiteTeam "SK Niederbrechen"]
[BlackTeam "SV Bergwinkel"]

1. e4 e6 2. d4 d5 3. e5 c5 4. c3 Nc6 5. Nf3 Qb6 6. a3 f6 7. Bd3 fxe5 8. dxe5 c4
9. Bc2 Nh6 10. O-O Nf7 11. Qe2 g6 12. Ra2 Bg7 13. Bf4 O-O 14. Nbd2 Bd7 15. h4
Nh6 16. Be3 Qc7 17. Bc5 Nxe5 18. Bxf8 Nxf3+ 19. Nxf3 Rxf8 20. Ng5 e5 21. Qd2 d4
22. b3 b5 23. bxc4 Qxc4 24. Be4 Qxc3 25. Qxc3 dxc3 26. Rc2 Rc8 27. Rfc1 Bf8 28.
Rxc3 Rxc3 29. Rxc3 Bd6 30. Rd3 1-0

[Event "31.Schlosspark-Open"]
[Site "Wiesbaden-Biebrich"]
[Date "2019.08.23"]
[Round "2.39"]
[White "Mueller, Lutz"]
[Black "Flach, Erich"]
[Result "1-0"]
[WhiteElo "1906"]
[BlackElo "2081"]
[PlyCount "61"]
[EventDate "2019.??.??"]
[WhiteTeam "SC Bad Königshofen"]
[BlackTeam "SV Griesheim"]

1. d4 Nf6 2. Nf3 g6 3. c4 c5 4. Nc3 cxd4 5. Nxd4 Nc6 6. e4 d6 7. Be2 Nxd4 8.
Qxd4 Bg7 9. O-O O-O 10. Qd1 Be6 11. f3 Qb6+ 12. Kh1 Rac8 13. Nd5 Bxd5 14. exd5
Nd7 15. Rb1 a5 16. Bg5 Rfe8 17. Qd2 Nc5 18. b3 Qb4 19. Rfc1 Qa3 20. h4 h5 21.
Be3 Nd7 22. g4 Nf6 23. gxh5 Nxh5 24. Rg1 Qb4 25. f4 Nf6 26. Bd3 Qxd2 27. Bxd2
e6 28. dxe6 Rxe6 29. f5 Re7 30. Bg5 gxf5 31. Bxf6 1-0

[Event "31.Schlosspark-Open"]
[Site "Wiesbaden-Biebrich"]
[Date "2019.08.23"]
[Round "2.40"]
[White "Gries, Volker"]
[Black "Davidov, Georgi"]
[Result "1-0"]
[WhiteElo "2078"]
[BlackElo "1917"]
[PlyCount "69"]
[EventDate "2019.??.??"]
[WhiteTeam "SV Oberursel"]
[BlackTeam "SC Rotenburg"]

1. e4 e5 2. Nf3 Nf6 3. Nxe5 d6 4. Nf3 Nxe4 5. d4 d5 6. Bd3 Be7 7. O-O O-O 8. c4
c6 9. Nc3 Nxc3 10. bxc3 Bg4 11. Bf4 Nd7 12. Re1 dxc4 13. Bxc4 Nb6 14. Bb3 Bf6
15. h3 Bxf3 16. Qxf3 Nd5 17. Be5 Be7 18. Bxd5 cxd5 19. Rab1 Qd7 20. c4 b6 21.
Qxd5 Qxd5 22. cxd5 Rfd8 23. Bxg7 Kxg7 24. Rxe7 Rxd5 25. Rc1 Rxd4 26. Rcc7 Rf4
27. g3 Rf6 28. Rxa7 Rc8 29. Re2 Rd6 30. Kg2 Rc3 31. Rb2 Kf6 32. Rb7 Rcc6 33.
Rb4 Ke6 34. Rf4 Rc2 35. a4 1-0

[Event "31.Schlosspark-Open"]
[Site "Wiesbaden-Biebrich"]
[Date "2019.08.23"]
[Round "2.41"]
[White "Boscher, Hans"]
[Black "Reitz, Philipp"]
[Result "0-1"]
[WhiteElo "1492"]
[BlackElo "2061"]
[PlyCount "62"]
[EventDate "2019.??.??"]
[WhiteTeam "SC Bad Soden"]
[BlackTeam "VfR-SC Koblenz"]

1. e4 c5 2. Nc3 a6 3. a4 Nc6 4. Bc4 e6 5. d3 Nge7 6. f4 d5 7. exd5 exd5 8. Bb3
g6 9. Nf3 Bg4 10. O-O Nd4 11. Ne2 Bxf3 12. gxf3 Nxb3 13. cxb3 Bg7 14. d4 cxd4
15. Nxd4 O-O 16. Be3 Re8 17. Re1 Nc6 18. Nxc6 bxc6 19. Qd2 d4 20. Bf2 Qd5 21.
Qd3 Reb8 22. Qe4 Rxb3 23. Qxd5 cxd5 24. Rad1 Rb4 25. b3 h5 26. Rd3 Rc8 27. Red1
Rc3 28. Be1 Rbxb3 29. Bxc3 dxc3 30. Rc1 d4 31. Rc2 Ra3 0-1

[Event "31.Schlosspark-Open"]
[Site "Wiesbaden-Biebrich"]
[Date "2019.08.23"]
[Round "2.43"]
[White "Wachsmann, Dietmar"]
[Black "Weiland, Thomas"]
[Result "1/2-1/2"]
[WhiteElo "2038"]
[BlackElo "1772"]
[PlyCount "142"]
[EventDate "2019.??.??"]
[WhiteTeam "SC Groß-Umstadt"]
[BlackTeam "SV Oberursel"]

1. d4 b6 2. e4 Bb7 3. Bd3 e6 4. c4 d6 5. Nf3 Nd7 6. O-O Be7 7. Nc3 c5 8. d5
exd5 9. exd5 Ngf6 10. Bf4 O-O 11. h3 a6 12. a4 Qc7 13. Re1 Rfe8 14. Qd2 Bf8 15.
Rxe8 Rxe8 16. Re1 Qb8 17. Rxe8 Qxe8 18. Qe3 g6 19. g4 Bc8 20. Kg2 Qxe3 21. fxe3
Ne8 22. b3 f6 23. Nd2 Ne5 24. Be2 Kg7 25. Nf3 Be7 26. Ne4 Bd7 27. g5 Nxf3 28.
gxf6+ Nxf6 29. Bxf3 Nxe4 30. Bxe4 g5 31. Bh2 h5 32. Bf3 Kg6 33. e4 Bc8 34. e5
dxe5 35. Bxe5 Bd8 36. Be4+ Bf5 37. Kf3 g4+ 38. hxg4 hxg4+ 39. Ke3 Kg5 40. Bf4+
Kf6 41. Bxf5 Kxf5 42. Bd6 Bg5+ 43. Kf2 Bh4+ 44. Bg3 Bd8 45. Ke3 Bg5+ 46. Kd3
Bd8 47. Bb8 Kg5 48. a5 Kh4 49. axb6 Bxb6 50. Ke2 Kh3 51. d6 g3 52. d7 g2 53.
Kf2 Kg4 54. Kxg2 Kf5 55. Ba7 Bd8 56. Bxc5 Ke6 57. Kf3 Kxd7 58. Ke4 Kc6 59. Bf8
Bg5 60. Ke5 Bd2 61. Ke6 Bg5 62. Bb4 Bh4 63. Be7 Bg3 64. b4 Be1 65. Kf7 Bg3 66.
Ke8 Bc7 67. Bd8 Bd6 68. Ba5 Be5 69. Kd8 Bb8 70. Kc8 Bd6 71. c5 Bxc5 1/2-1/2

[Event "31.Schlosspark-Open"]
[Site "Wiesbaden-Biebrich"]
[Date "2019.08.23"]
[Round "2.44"]
[White "Boidman, Yuri"]
[Black "Viol, Julius"]
[Result "1-0"]
[WhiteElo "2374"]
[BlackElo "1709"]
[PlyCount "73"]
[EventDate "2019.??.??"]
[WhiteTeam "SC Heimbach-Weis"]
[BlackTeam "FC Bierstadt"]

1. e4 c5 2. Nf3 d6 3. d4 cxd4 4. Qxd4 a6 5. Be3 Nf6 6. Nc3 Nc6 7. Qd2 b5 8.
O-O-O Bb7 9. Nd5 Nd7 10. Nd4 Nxd4 11. Qxd4 e6 12. Nc3 e5 13. Qd2 Nf6 14. f3 Be7
15. Bg5 b4 16. Na4 Qa5 17. b3 Rc8 18. Bxf6 Bxf6 19. a3 Qc7 20. Bc4 bxa3 21.
Qxd6 Be7 22. Qxc7 Rxc7 23. Bd5 O-O 24. Bxb7 Rxb7 25. Rd3 Rc8 26. Rhd1 Rbc7 27.
c4 h6 28. Nb6 Rb8 29. Nd5 Bg5+ 30. Kc2 Rxc4+ 31. bxc4 Rb2+ 32. Kc3 Bd8 33. c5
Ba5+ 34. Kc4 a2 35. Ra3 Rb1 36. Rxa2 Rxd1 37. Rxa5 1-0

[Event "31.Schlosspark-Open"]
[Site "Wiesbaden-Biebrich"]
[Date "2019.08.23"]
[Round "2.45"]
[White "Gerber, Ingo"]
[Black "Haag, Martin"]
[Result "1/2-1/2"]
[WhiteElo "1529"]
[BlackElo "2200"]
[PlyCount "41"]
[EventDate "2019.??.??"]
[WhiteTeam "SF Mainz"]
[BlackTeam "SC Bonn Beuel"]

1. d4 d5 2. Nf3 e6 3. Bf4 Nf6 4. Nbd2 Bd6 5. Bxd6 cxd6 6. e3 Qb6 7. Qc1 O-O 8.
Bd3 Nc6 9. O-O Bd7 10. c3 Rac8 11. Qb1 h6 12. Re1 e5 13. dxe5 dxe5 14. e4 Rfe8
15. exd5 Nxd5 16. Nc4 Qc7 17. Be4 Be6 18. Ncxe5 Nxe5 19. Nxe5 Nf6 20. Bf5 Bxf5
21. Qxf5 1/2-1/2

[Event "31.Schlosspark-Open"]
[Site "Wiesbaden-Biebrich"]
[Date "2019.08.23"]
[Round "2.46"]
[White "Gundlach, Michael"]
[Black "Brechlin, Olaf"]
[Result "1-0"]
[WhiteElo "2122"]
[BlackElo "1840"]
[PlyCount "49"]
[EventDate "2019.??.??"]
[WhiteTeam "SF Mainz"]
[BlackTeam "FVS ASP Hoyerswerda"]

1. c4 b6 2. Nc3 Bb7 3. e4 e5 4. g3 f5 5. d3 Nf6 6. Bg2 Bb4 7. Bd2 O-O 8. Nge2
fxe4 9. dxe4 d6 10. O-O Nbd7 11. a3 Bxc3 12. Nxc3 Nc5 13. f3 a5 14. Be3 Nfd7
15. b4 Ne6 16. Bh3 Re8 17. Rf2 Ndf8 18. Nd5 Bxd5 19. cxd5 Ng5 20. Bf1 Ng6 21.
Rc1 Ra7 22. Rfc2 axb4 23. axb4 Rf8 24. Bg2 Rf7 25. h4 1-0

[Event "31.Schlosspark-Open"]
[Site "Wiesbaden-Biebrich"]
[Date "2019.08.23"]
[Round "2.47"]
[White "Pioch, Thomas"]
[Black "Busch, Guenther"]
[Result "1/2-1/2"]
[WhiteElo "2074"]
[BlackElo "1505"]
[PlyCount "70"]
[EventDate "2019.??.??"]
[WhiteTeam "SF Mainz"]
[BlackTeam "FC Bierstadt"]

1. Nf3 d6 2. d4 g6 3. e4 Bg7 4. Be3 a6 5. c4 e6 6. Nc3 Nd7 7. Qc2 b6 8. h4 h6
9. O-O-O Bb7 10. h5 g5 11. Ne1 Ndf6 12. f3 e5 13. Qf2 Nd7 14. d5 Ne7 15. Bd3
Nc5 16. g4 a5 17. Qe2 Qd7 18. Bc2 O-O 19. Ng2 Ba6 20. Bxc5 bxc5 21. Ba4 Qd8 22.
Ne3 Bc8 23. Rd2 Bd7 24. Bxd7 Qxd7 25. Nb5 Rfb8 26. a4 Kh7 27. Rhd1 Re8 28. Rd3
Nc8 29. Nf5 Bh8 30. Qd2 Ne7 31. Rb3 Nxf5 32. gxf5 Bf6 33. Kc2 Reb8 34. Rg1 Be7
35. Qg2 f6 1/2-1/2

[Event "31.Schlosspark-Open"]
[Site "Wiesbaden-Biebrich"]
[Date "2019.08.23"]
[Round "2.48"]
[White "Rutsatz, Mario"]
[Black "Kropp, Volker"]
[Result "1/2-1/2"]
[WhiteElo "1977"]
[BlackElo "1993"]
[PlyCount "110"]
[EventDate "2019.??.??"]
[WhiteTeam "SF Frankfurt"]
[BlackTeam "Vorw.Orient Mainz"]

1. c4 Nf6 2. Nc3 e5 3. g3 d6 4. Bg2 c6 5. Nf3 Bg4 6. h3 Bxf3 7. Bxf3 g6 8. O-O
Bg7 9. d3 O-O 10. Rb1 a5 11. a3 Na6 12. b4 axb4 13. axb4 d5 14. cxd5 Nxd5 15.
Nxd5 cxd5 16. Qb3 Nc7 17. b5 b6 18. Ba3 Re8 19. Rfc1 Qd7 20. Bg2 e4 21. dxe4
dxe4 22. Rd1 Qxb5 23. Qc2 Qa4 24. Qxc7 Qxa3 25. Rd7 Qa2 26. Rxb6 Bd4 27. Rb7
Rac8 28. Qf4 Rf8 29. Bxe4 Qa1+ 30. Kh2 Be5 31. Qf3 Qc3 32. Qxc3 Rxc3 33. Bd5
Rc2 34. Bf3 Rb2 35. Ra7 Bb8 36. Rab7 Rxb7 37. Rxb7 Rd8 38. h4 h5 39. Kg2 Be5
40. Bc6 Rc8 41. Bd5 Rc7 42. Rb5 Bg7 43. e4 Bf8 44. e5 Rc5 45. Rxc5 Bxc5 46. f4
Kg7 47. Kf3 Bd4 48. g4 hxg4+ 49. Kxg4 Bc3 50. Kg5 f6+ 51. exf6+ Bxf6+ 52. Kg4
Bc3 53. Be4 Bd2 54. Kg5 Be3 55. Bxg6 Bxf4+ 1/2-1/2

[Event "31.Schlosspark-Open"]
[Site "Wiesbaden-Biebrich"]
[Date "2019.08.23"]
[Round "2.49"]
[White "Tremoehlen, Thomas"]
[Black "Jakesevic, Ivan"]
[Result "1-0"]
[WhiteElo "1989"]
[BlackElo "1712"]
[PlyCount "47"]
[EventDate "2019.??.??"]
[WhiteTeam "SG Kaarst"]
[BlackTeam "FC Bierstadt"]

1. d4 Nf6 2. Bf4 g6 3. Nc3 Bg7 4. e4 d6 5. Qd2 Nbd7 6. Nf3 O-O 7. h4 c5 8. Bh6
cxd4 9. Nxd4 Nc5 10. f3 a6 11. h5 Kh8 12. hxg6 fxg6 13. Bxg7+ Kxg7 14. Qh6+ Kf7
15. O-O-O b5 16. Nd5 Rh8 17. Nc6 Qe8 18. Ndxe7 Bd7 19. Rxd6 Nb7 20. Rxf6+ Kxf6
21. Nd5+ Kf7 22. Qf4+ Kg7 23. Qf6+ Kg8 24. Nce7+ 1-0

[Event "31.Schlosspark-Open"]
[Site "Wiesbaden-Biebrich"]
[Date "2019.08.23"]
[Round "2.51"]
[White "Donecker, Stefan"]
[Black "Kolker, Vladislav"]
[Result "0-1"]
[WhiteElo "1722"]
[BlackElo "1977"]
[PlyCount "78"]
[EventDate "2019.??.??"]
[WhiteTeam "TuS Dotzheim"]
[BlackTeam "SC Bad Nauheim"]

1. Nf3 Nf6 2. e3 g6 3. b3 Bg7 4. Bb2 O-O 5. Be2 d6 6. O-O e5 7. d3 Nc6 8. Nbd2
Bg4 9. h3 Bd7 10. Re1 Qe7 11. c4 Ne8 12. Qc2 f5 13. Bc3 a5 14. Qb2 g5 15. Nh2
Nf6 16. d4 e4 17. g4 Rae8 18. a3 Qf7 19. Rf1 f4 20. exf4 gxf4 21. f3 e3 22. Nb1
d5 23. b4 dxc4 24. b5 Ne7 25. Bxa5 b6 26. Bb4 Be6 27. Rd1 Rd8 28. Nc3 Rd7 29.
a4 Rfd8 30. Qa3 Ng6 31. a5 bxa5 32. Bxa5 Rxd4 33. Rxd4 Rxd4 34. Qc5 Nd5 35. Rb1
Nxc3 36. Bxc3 Rd5 37. Qa3 Bxc3 38. Qxc3 Rd2 39. Rd1 Rxe2 0-1

[Event "31.Schlosspark-Open"]
[Site "Wiesbaden-Biebrich"]
[Date "2019.08.23"]
[Round "2.52"]
[White "Cichon, Joerg"]
[Black "Stork, Christopher"]
[Result "1/2-1/2"]
[WhiteElo "1711"]
[BlackElo "1905"]
[PlyCount "120"]
[EventDate "2019.??.??"]
[WhiteTeam "SF Mainz"]
[BlackTeam "SV Oberursel"]

1. e4 c5 2. Nf3 e6 3. d3 Nc6 4. g3 Nf6 5. Bg2 Be7 6. O-O d5 7. Nbd2 O-O 8. Re1
Qc7 9. Qe2 b6 10. c3 Ba6 11. e5 Nd7 12. Nf1 Rfd8 13. Bf4 Nf8 14. Qc2 Ng6 15.
Rac1 Rac8 16. d4 Nxf4 17. gxf4 cxd4 18. cxd4 Qb7 19. Qb1 Nb4 20. Rxc8 Rxc8 21.
Rd1 Rc7 22. Ne3 Qc8 23. Bf1 Bxf1 24. Nxf1 Qa6 25. a3 Qe2 26. Kg2 Nc6 27. Ne3
Na5 28. Rd2 Qb5 29. Rc2 Nc4 30. Nxc4 Rxc4 31. Qc1 Qc6 32. Ne1 g6 33. Kg3 b5 34.
Rxc4 dxc4 35. Qc3 Bd8 36. Qf3 Qd7 37. Qc3 Bb6 38. Nc2 Qd5 39. f3 a5 40. Kg2 Kf8
41. Kg3 Ke7 42. Kg2 Kd7 43. Kg3 Kc7 44. Kg2 Kb7 45. Kg3 Ka6 46. Kg2 Qd8 47. Kg3
h6 48. Qe3 Qe7 49. Qe4 Qb7 50. Qe3 Qd7 51. Qe4 Qb7 52. Qe3 Ka7 53. Qe4 Qd7 54.
Qe3 h5 55. h4 Qe7 56. Qe1 Bd8 57. Kh3 Ka6 58. Qf2 Bb6 59. Qe1 Qd7 60. Qe4 Qb7
1/2-1/2

[Event "31.Schlosspark-Open"]
[Site "Wiesbaden-Biebrich"]
[Date "2019.08.23"]
[Round "2.53"]
[White "Pauly, Markus"]
[Black "Baumgarten, Fred"]
[Result "1-0"]
[WhiteElo "1846"]
[BlackElo "1694"]
[PlyCount "53"]
[EventDate "2019.??.??"]
[WhiteTeam "Sfr. Erbach"]
[BlackTeam "SV Hennef"]

1. c4 Nf6 2. Nc3 g6 3. g3 Bg7 4. Bg2 O-O 5. d3 c6 6. e4 d6 7. Nge2 Ne8 8. O-O
e5 9. Be3 f5 10. Qd2 Rf7 11. d4 Qc7 12. Rac1 a6 13. f4 fxe4 14. Nxe4 Bf5 15.
fxe5 dxe5 16. d5 Rd7 17. N2c3 Qa5 18. Nc5 Rf7 19. a3 Nd6 20. Qe2 Qd8 21. Rcd1
Qe8 22. N3e4 Bf8 23. Ng5 Re7 24. Nge6 b6 25. Nxf8 bxc5 26. Bxc5 Qd8 27. dxc6
1-0